000
00394nam a2200145Ia 4500
008
230917s9999||||xx |||||||||||||| ||und||
040
_e
176863
_a
MAIN
041
_a
English
082
_a
891.433721 AK53K
100
_a
अनिल कुमार
245
0
_a
केदार-गौरी
260
_a
पटना
_b
पारिजात
_c
1972
300
_a
314 पृ. p.
942
_c
HN
999
_c
230570
_d
230570